000 00498nmm a2200169Ia 4500
008 251105s9999||||xx |||||||||||||||||und||
020 _a9789681657307
041 _aspa
100 _ade Unamuno, Miguel
245 0 _aDon Quijote y Bolívar y otros ensayos
264 _a[México D.C., Mexico] :
_bFondo de Cultura Económica,
_c1999
300 _a87 páginas
490 _aFondo 2000
650 _aSpanish literature
856 _uhttps://public.digitaliapublishing.com/a/64220
942 _cCF
999 _c96876
_d96876